000 00640nam a2200181Ia 4500
008 090711s9999 xx 000 0 und d
082 _b1926
100 _aरिबेरो ज्युलिओ
245 _aबुलेट फाँर बुलेट
260 _bचिरानि प्रकाशन
_c2000
300 _a376
600 _aरिबेरो ज्युलिओ
630 _aबुलेट फाँर बुलेट
700 _aदामले मंजिरी
700 _aरिबेरो ज्युलिओ
730 _aबुलेट फाँर बुलेट
942 _cBOOK
999 _c336948
_d336948